ბათუმის შოთა რუსთაველის სახელმწიფო უნივერსიტეტის ბიბლიოთეკა

მშობლიური ცის ქვეშ:დღიურები და ქრონიკები 1901-1906 (ბიბ.ჩანაწერი № 42880)

000 -LEADER
fixed length control field 00854nam a2200217Ia 4500
001 - CONTROL NUMBER
control field 9589
003 - CONTROL NUMBER IDENTIFIER
control field GE_BSU
008 - FIXED-LENGTH DATA ELEMENTS--GENERAL INFORMATION
fixed length control field 181216s||||||||xx |||||||||||||| ||und||
040 ## - CATALOGING SOURCE
Transcribing agency GE_BSU
080 ## - UNIVERSAL DECIMAL CLASSIFICATION NUMBER
Universal Decimal Classification number 821.353.1–94
100 ## - MAIN ENTRY--PERSONAL NAME
Personal name მეგრელიძე,ლიდია
245 ## - TITLE STATEMENT
Title მშობლიური ცის ქვეშ:დღიურები და ქრონიკები 1901-1906
245 ## - TITLE STATEMENT
Statement of responsibility, etc. რედ.ი.ხოშტარია,მხატვ.მ.თუშმალიშვილი, მ.ქუთათელაძე
260 ## - PUBLICATION, DISTRIBUTION, ETC.
Place of publication, distribution, etc. თბილისი
260 ## - PUBLICATION, DISTRIBUTION, ETC.
Name of publisher, distributor, etc. სახელგამი
260 ## - PUBLICATION, DISTRIBUTION, ETC.
Date of publication, distribution, etc. 1955
300 ## - PHYSICAL DESCRIPTION
Extent 244გვ.20სმ.
653 ## - INDEX TERM--UNCONTROLLED
Uncontrolled term დღიურები და ქრონიკები 1901-1906
653 ## - INDEX TERM--UNCONTROLLED
Uncontrolled term მშობლიური ცის ქვეშ
942 ## - ADDED ENTRY ELEMENTS (KOHA)
Koha item type წიგნი
ეგზემპლარები
Withdrawn status Lost status Damaged status Not for loan Date acquired Barcode Date last seen Price effective from Koha item type
        2018-12-17 32489 2018-12-17 2018-12-17 წიგნი
        2018-12-17 32490 2018-12-17 2018-12-17 წიგნი
        2018-12-17 32491 2018-12-17 2018-12-17 წიგნი
        2018-12-17 22418 აგრ.ტექ.ბიბლ. 2018-12-17 2018-12-17 წიგნი
        2018-12-17 22417 აგრ.ტექ.ბიბლ. 2018-12-17 2018-12-17 წიგნი
        2018-12-17 22416 აგრ.ტექ.ბიბლ. 2018-12-17 2018-12-17 წიგნი